000 00538pam a2200217 a 4500
020 _c
040 _aMedical College Lib
041 _aENG
_hENG
082 _a618.2
_bCRE
100 _aCreasy, R.K. .
245 _aMaternal - Fetal Medicine /
_c
_hTextual Documents
250 _a2nd /
_b.
260 _a :
_bSaunders ,
_c1989.
300 _a69 ;
_c
365 _a3003=00
653 _aMedical Science
_a Obstetrics
700 _aResnik, R. .
930 _a4143
999 _c4142
_d4142